| 000 | 00464nam a2200145Ia 4500 | ||
|---|---|---|---|
| 999 |
_c22184 _d22184 |
||
| 082 | _aRL.0027 | ||
| 100 | _aLaskar, S. Deb | ||
| 245 | 4 | _aThe process of village formation and social transition in Barkhola Village in Barak valley 1736-1921 | |
| 260 |
_c1997 _bIndian Council of Social Science Research, New Delhi |
||
| 300 | _a38p. | ||
| 650 | _aBARKHOLA VILLAGE | ||
| 650 | _aVILLAGES - ASSAM///BARKHOLA VILLAGE | ||
| 650 | _aASSAM - HISTORY | ||
| 942 |
_cRP _2ddc |
||